000 00210nam a2200085 4500
001 1258928
005 20260406102226.0
245 _aGENÇLERLE BAŞBAŞA
_cALİ FUAD BAŞGİL
260 _bMİLLİ EĞİTİM BAKANLIĞI
999 _c1258928
_d1258928